[Event "FRA-ch U10 Girls"]
[Site "Hyeres"]
[Date "2002.??.??"]
[Round "2.6"]
[White "Papaiconomou, Julie"]
[Black "Forgues, Valerie"]
[Result "0-1"]
[WhiteElo "1160"]
[BlackElo "1400"]
[PlyCount "88"]
[EventDate "2002.04.05"]
[EventType "swiss"]
[EventRounds "9"]
[EventCountry "FRA"]
[SourceTitle "EXT 2003"]
[Source "ChessBase"]
[SourceDate "2002.11.25"]
[SourceVersion "1"]
[SourceVersionDate "2002.11.25"]
[SourceQuality "1"]

1. c4 e5 2. Nc3 Nc6 3. Nf3 Nf6 4. g3 Bb4 5. Bg2 d6 6. 0-0 Bg4 7. Rb1 Qd7 8. a3 Bxc3 9. bxc3 b6 10. Qa4 0-0 11. d4 e4 12. Nd2 Bxe2 13. Re1 Bd3 14. Rb2 Rfe8 15. d5 Na5 16. Qxd7 Nxd7 17. Bxe4 Bxe4 18. Nxe4 Nxc4 19. Rb3 Nf6 20. f3 Rad8 21. Kg2 Nxd5 22. Bg5 f6 23. Bc1 f5 24. Bg5 Nf6 25. Bxf6 gxf6 26. Rb4 Nxa3 27. Ra4 Nb5 28. Rc4 fxe4 29. fxe4 c5 30. Ra4 d5 31. Kf3 Nxc3 32. Rxa7 dxe4+ 33. Kf4 e3 34. Rxe3 Nd5+ 35. Kg4 Nxe3+ 36. Kh3 c4 37. Ra3 b5 38. Ra1 b4 39. Rb1 b3 40. Rc1 Rd1 41. Rxd1 Nxd1 42. Kg4 b2 43. Kf5 b1Q+ 44. Kxf6 Qg6# 0-1

[Event "FRA-ch U10 Girls"]
[Site "Hyeres"]
[Date "2002.??.??"]
[Round "7.7"]
[White "Papaiconomou, Julie"]
[Black "Yuen, Wing Yan"]
[Result "0-1"]
[WhiteElo "1160"]
[BlackElo "1430"]
[PlyCount "102"]
[EventDate "2002.04.05"]
[EventType "swiss"]
[EventRounds "9"]
[EventCountry "FRA"]
[SourceTitle "EXT 2003"]
[Source "ChessBase"]
[SourceDate "2002.11.25"]
[SourceVersion "1"]
[SourceVersionDate "2002.11.25"]
[SourceQuality "1"]

1. c4 e5 2. Nc3 Nc6 3. Nf3 Nf6 4. g3 d5 5. cxd5 Nxd5 6. Bg2 Be6 7. 0-0 Be7 8. d3 0-0 9. Nxd5 Bxd5 10. Bd2 f5 11. Ne1 Kh8 12. e4 fxe4 13. Bxe4 Nd4 14. Nc2 Nf3+ 15. Kh1 Nxd2 16. Qxd2 Bxe4+ 17. Kg1 Qxd3 18. Qxd3 Bxd3 19. Rfc1 Bxc2 20. Rxc2 c5 21. Re2 Bf6 22. b3 h5 23. Rc1 b6 24. a4 Rfd8 25. Kg2 Rd3 26. Rb1 g5 27. f3 Rad8 28. Rf2 Rd2 29. Rbf1 Kg7 30. Kg1 Kg6 31. Kg2 R8d3 32. Kh1 Rxf2 33. Rxf2 Rxb3 34. Kg1 Ra3 35. Kf1 Rxa4 36. Ke2 Ra2+ 37. Ke3 Rxf2 38. Kxf2 a5 39. Ke2 b5 40. Kd3 c4+ 41. Kc3 e4+ 42. Kd2 exf3 43. Ke3 c3 44. Kxf3 c2 45. Ke4 c1Q 46. Kd5 Qc4+ 47. Kd6 Be7+ 48. Kxe7 Qc6 49. Kd8 Qb7 50. h3 Kf6 51. Ke8 Qe7# 0-1